000 00613nam a2200265Ia 4500
005 20260324153032.0
008 008 260324s9999 xx 000 0 eng d
020 _a9780128128008
037 _aEBOOK
040 _aCRL
040 _beng
040 _cCRL
041 _2eng
041 _aeng
084 _qCRL
100 _aJimenez, Felipe
_91230410
245 0 _aIntelligent Vehicles
260 _bElsevier
260 _c2017
650 _aEngineering
856 _uhttps://www.sciencedirect.com/science/book/9780128128008
942 _cEBOOK
999 _c1841551
_d1841551